Southville International School and Colleges
Your cart is empty.
  • Cart
  • Lists
    Public lists Eva Luna New books Lux_list list_1
    Your lists Log in to create your own lists
  • Log in to your account
  • Your cookies
  • Search history
Southville International School and Colleges
  • Advanced search
  • Recent comments
  • Most popular
  • Libraries

Log in to your account

Log in with GOOGLE


If you do not have an external account, but do have a local account, you can still log in:

  1. Home
  2. MARC view: Intermediate accounting :
Normal view MARC view ISBD view

Intermediate accounting : (Record no. 293224)

[ view plain ]
MARC details
000 -LEADER
fixed length control field 00675nam a2200229Ia 4500
008 - FIXED-LENGTH DATA ELEMENTS--GENERAL INFORMATION
fixed length control field 160404s9999 xx 000 0 und d
020 ## - INTERNATIONAL STANDARD BOOK NUMBER
International Standard Book Number 978-0-470-81759-9
050 ## - LIBRARY OF CONGRESS CALL NUMBER
Classification number FIL HF 5616
050 ## - LIBRARY OF CONGRESS CALL NUMBER
Item number .A45 2007 c.1
100 ## - MAIN ENTRY--PERSONAL NAME
Personal name Alindada, Carlos.
245 ## - TITLE STATEMENT
Title Intermediate accounting :
245 ## - TITLE STATEMENT
Remainder of title applying international financial reporting standards /
245 ## - TITLE STATEMENT
Statement of responsibility, etc Carlos Alindada, Ester Ledesma, Ma. Concepcion Y. Lupisan.
260 ## - PUBLICATION, DISTRIBUTION, ETC. (IMPRINT)
Place of publication, distribution, etc Australia :
260 ## - PUBLICATION, DISTRIBUTION, ETC. (IMPRINT)
Name of publisher, distributor, etc John Wiley and Sons Australia Ltd.,
260 ## - PUBLICATION, DISTRIBUTION, ETC. (IMPRINT)
Date of publication, distribution, etc 2007
300 ## - PHYSICAL DESCRIPTION
Extent 674 pages :
300 ## - PHYSICAL DESCRIPTION
Other physical details color illustrations. ;
300 ## - PHYSICAL DESCRIPTION
Dimensions 26 cm.
500 ## - GENERAL NOTE
General note Includes index.
650 ## - SUBJECT ADDED ENTRY--TOPICAL TERM
Topical term or geographic name as entry element Accounting.
Holdings
Withdrawn status Lost status Damaged status Home library Current library Shelving location Date acquired Total Checkouts Full call number Barcode Date last seen Price effective from Koha item type
      South Mansfield College South Mansfield College Filipiniana Section 05/27/2008   FIL HF 5616 .A45 2007 c.1 SMC05116 04/04/2016 04/04/2016  

Intermediate accounting :

APA

Alindada C., .Intermediate accounting. Australia: .

Chicago

Alindada Carlos, .Intermediate accounting. Australia: .

Harvard

Alindada C., .Intermediate accounting. Australia: .

MLA

Alindada Carlos, .Australia: . .

  • Place hold
  • Print
  • Cite
  • Add to your cart (remove)
  • Save record
    BIBTEX Dublin Core MARCXML MARC (non-Unicode/MARC-8) MARC (Unicode/UTF-8) MARC (Unicode/UTF-8, Standard) MODS (XML) RIS
  • More searches
    Search for this title in:
    Other Libraries (WorldCat) Other Databases (Google Scholar) Online Stores (Bookfinder.com) Open Library (openlibrary.org)

Exporting to Dublin Core...

SOUTHVILLE LIBRARY

Southville International School and Colleges Library

1281 Tropical Ave. Cor. Luxembourg St., BF Homes International, Las Pinas City

Tel. No. 8256374 / 252358 Loc. 117/146

Powered by Koha